000 00948nam a22002777a 4500
001 0002323
003 DO-SdBNP
005 20180126111550.0
007 002323
008 160311b 2007 sp xxu||||| |||| 00| 0 spa d
020 _a9788484414131
040 _aBPMSU
_bspa
_cBPMSU
041 1 7 _aspa
_heng
092 _axxxx
_bxxxx
100 1 _aGrace, N. B.
240 1 0 _aHigh School Musical 2.
_lEspañol
245 1 0 _aHigh School Musical 2 :
_bla novela /
_cadaptada por N.B. Grace ; basada en la película original de Disney Channel, High School Musical, escrita por Peter Barsocchini ; traducción, Ana Guelbenzu.
246 1 0 _aHigh school musical two
260 _aBarcelona :
_bMontena,
_c2008.
300 _a136, [8] p. :
_bil. ;
_c20 cm.
700 1 2 _aBarsocchini, Peter. High School Musical 2
700 1 2 _aGuelbenzu, Ana,
_etr.
942 _2ddc
_cBK
945 _aInventariado extranjero / 2018 VM
956 _2LOPEREZ
_310
_6BPMSU
999 _c9190
_d9190